| 000 | 01687nam0a22002531i 4500 | ||
|---|---|---|---|
| 001 | rc\937029 | ||
| 005 | 20240726035135.0 | ||
| 035 | _a(NLR Aleph) 006109797 | ||
| 090 |
_a5346687 _c5346687 |
||
| 100 | _a20041129d1982 u |0rusy50 ca | ||
| 101 | 0 | _arus | |
| 102 | _aRU | ||
| 105 | _aa ||||||||| | ||
| 200 | 1 |
_aО влиянии акустического воздействия на колебания панелей отсека крыла самолета _fВ.И. Валяев |
|
| 210 |
_aМ. _cЦАГИ _d1982 |
||
| 215 |
_a38 с. _cил. _d26 |
||
| 225 | 1 |
_aТруды Центрального аэрогидродинамического института им. проф. Н.Е. Жуковского _vВып. 2123 |
|
| 320 | _aБиблиогр.: с. 10, 36-37 | ||
| 423 | 0 |
_12001#$aИсследование напряженного состояния и усталостной прочности пространственных подкрепленных оболочечных конструкций при внешнем аэродинамическом воздействии акустического типа$fВ.П. Агапов, Г.В. Вронский, В.Д. Ильичев, А.В. Стрелин _tИсследование напряженного состояния и усталостной прочности пространственных подкрепленных оболочечных конструкций при внешнем аэродинамическом воздействии акустического типа |
|
| 700 | 1 |
_aВаляев _bВ.И. |
|
| 801 | 0 |
_aRU _bNLR _gpsbo |
|
| 801 | 1 |
_aRU _bELAR _2rusmarc |
|
| 852 |
_aNLR _jП11/665 |
||
| 942 | _cBOOK | ||